000 00488nam a2200193 a 4500
001 1768630936583
003 YourLibrary
005 20260117115419.0
008 260117s2008##################000#0#eng##
020 _a9780230008038
082 0 4 _a618.8583
_bELL
100 1 _aCrozier, Ivan,
_eauthor.
245 1 0 _aSexual Inversion :
260 _bPalgrave Macmillan,
_c2008.
300 _a364 pages
650 0 _aHistory.
942 _cENGLISH
040 _aYourLibrary
_beng
_cYourLibrary
999 _c608451
_d608451